Sentences, paragraph, and beyond (Record no. 1811)

MARC details
000 -LEADER
fixed length control field 00347nam a22001337a 4500
008 - FIXED-LENGTH DATA ELEMENTS--GENERAL INFORMATION
fixed length control field 241127b |||||||| |||| 00| 0 eng d
020 ## - INTERNATIONAL STANDARD BOOK NUMBER
ISBN 0618042628
100 ## - MAIN ENTRY--AUTHOR
Author Brandon Lee
245 ## - TITLE STATEMENT
Title Sentences, paragraph, and beyond
260 ## - PUBLICATION, DISTRIBUTION, ETC. (IMPRINT)
Place of publication Boston ,New york
Name of publisher Houghton Mifflin Company
Date of publication 2001
300 ## - COLLATION
Pagination Xix,453
942 ## - ADDED ENTRY ELEMENTS (KOHA)
Item type Books
050 ## - LIBRARY OF CONGRESS CALL NUMBER
Classification number P 3705
Item number .B73
Holdings
Source of classification or shelving scheme Not for loan Permanent location Current location Date acquired Accession No. Full call number Barcode. Koha item type
Library of Congress Classification   Samuel Ogbemudia Main Library, University of Abuja Samuel Ogbemudia Main Library, University of Abuja 11/27/2024 2006/28896 P3705.B73 2001 2024-2801 Books